[Event "Rhein Main op-B 19th"]
[Site "Bad Homburg"]
[Date "2016.05.28"]
[Round "6"]
[White "Pleyer, Christian"]
[Black "Acker, Hans Georg"]
[Result "1-0"]
[WhiteElo "1727"]
[BlackElo "1497"]
[PlyCount "57"]
[EventDate "2016.05.25"]
[EventType "swiss"]
[EventRounds "7"]
[EventCountry "GER"]
[SourceTitle "EXT 2017"]
[Source "ChessBase"]
[SourceDate "2016.10.25"]
[SourceVersion "1"]
[SourceVersionDate "2016.10.25"]
[SourceQuality "1"]

1. d4 Nf6 2. Nf3 d5 3. Bg5 h6 4. Bxf6 exf6 5. e3 Bg4 6. Be2 Bd6 7. 0-0 Nd7 8. Nbd2 0-0 9. c4 dxc4 10. Nxc4 Qe7 11. Rc1 c6 12. Nxd6 Qxd6 13. Qd2 Rad8 14. Rfd1 Rfe8 15. h3 Bh5 16. a3 f5 17. Qa5 Bg6 18. Nh4 f4 19. Nxg6 fxg6 20. Bf3 fxe3 21. fxe3 Rxe3 22. Qxd8+ Kh7 23. Qh4 g5 24. Qf2 Re6 25. d5 cxd5 26. Bxd5 Rf6 27. Be4+ g6 28. Rxd6 Rxf2 29. Rxd7+ 1-0

[Event "Rhein Main op-B 19th"]
[Site "Bad Homburg"]
[Date "2016.05.25"]
[Round "1"]
[White "Deppe, Leo Max"]
[Black "Acker, Hans Georg"]
[Result "1-0"]
[WhiteElo "1850"]
[BlackElo "1497"]
[PlyCount "39"]
[EventDate "2016.05.25"]
[EventType "swiss"]
[EventRounds "7"]
[EventCountry "GER"]
[SourceTitle "EXT 2017"]
[Source "ChessBase"]
[SourceDate "2016.10.25"]
[SourceVersion "1"]
[SourceVersionDate "2016.10.25"]
[SourceQuality "1"]

1. d4 Nf6 2. Bg5 e6 3. e4 Be7 4. e5 Nd5 5. Bxe7 Nxe7 6. Nf3 d5 7. Bd3 c5 8. c3 cxd4 9. cxd4 Qa5+ 10. Nc3 0-0 11. h4 g6 12. h5 Kg7 13. Qd2 Ng8 14. Qf4 Qc7 15. hxg6 fxg6 16. Rxh7+ Kxh7 17. Qxf8 Qe7 18. Bxg6+ Kxg6 19. Qxg8+ Kf5 20. g3 1-0